Tekutinové mechanizmy
Gespeichert in:
| Hauptverfasser: | , |
|---|---|
| Format: | Buch |
| Sprache: | Slowakisch |
| Veröffentlicht: |
Žilina :
Žilinská univerzita,
2000
|
| Ausgabe: | 1. vyd |
| Schlagworte: | |
| Online-Zugang: | OBSAH |
| Tags: |
Keine Tags, Fügen Sie das erste Tag hinzu!
|
MARC
| LEADER | 00000nam a22000003a 4500 | ||
|---|---|---|---|
| 001 | stu117926 | ||
| 005 | 20150617225912.1 | ||
| 008 | 060515s2000----xo------------------slo-d | ||
| 020 | |a 80-7100-804-4 | ||
| 040 | |a STU |b slo | ||
| 041 | 0 | |a slo | |
| 044 | |a xo | ||
| 080 | |a 621.22 | ||
| 080 | |a 532.5 |7 stu_us_auth*stu7227 | ||
| 100 | 1 | |a Strážovec, Igor |4 aut | |
| 245 | 1 | |a Tekutinové mechanizmy | |
| 250 | |a 1. vyd | ||
| 260 | |a Žilina : |b Žilinská univerzita, |c 2000 | ||
| 300 | |a 222 s | ||
| 650 | 7 | |a tekutinové mechanizmy |2 stusub | |
| 650 | 7 | |a hydrogenerátory |2 stusub | |
| 650 | 7 | |a hydromotory |2 stusub | |
| 650 | 7 | |a technické merania |2 stusub | |
| 700 | 1 | |a Kučík, Pavol |4 aut | |
| 856 | 4 | |a https://sweb.mtf.stuba.sk/obsahy/Tekutinove_mechanizmy_00 |u https://sweb.mtf.stuba.sk/obsahy/Tekutinove_mechanizmy_00 |3 OBSAH | |
| 996 | |b 284M074671 |c M*S-1232-3 |l MMKN |s A |a 24 |w stu117926_0001 | ||
| 996 | |b 284M074672 |c M*S-1232-4 |l MMKN |s A |a 24 |w stu117926_0002 | ||
| 996 | |b 284M074673 |c M*S-1232-5 |l MMKN |s A |a 24 |w stu117926_0003 | ||
| 996 | |b 284M074670 |c M*S-1232-2 |l MMKN |s A |a 24 |w stu117926_0004 | ||
| 996 | |b 284M072985 |c M*S-1232-1 |l MMKN |s A |a 24 |w stu117926_0005 | ||